| 000 | 00532nam a2200205Ia 4500 | ||
|---|---|---|---|
| 003 | 0100 | ||
| 008 | 130303s9999 xx 000 0 und d | ||
| 040 | _cARRUPELIB | ||
| 050 | _aB721.M75 1991 | ||
| 100 | _aMondin, Battista | ||
| 245 | 2 | _aA History of Mediaeval Philosophy | |
| 260 | _aBangalore Rome | ||
| 260 | _bTheological Publications in India -Pontifical Urbaniana University | ||
| 260 | _C1991 | ||
| 300 | _a394p. | ||
| 300 | _b 23 cm | ||
| 650 | _aPHILOSOPHY | ||
| 650 | _bPhilosophy, Ghanaian | ||
| 942 | 0 | 0 | _015 |
| 999 |
_c20125 _d20125 |
||